Hymne Suisse - Statistiques

Statistiques générales
  • Ce quiz a été pris 101 fois
  • Le résultat moyen est 36 sur 48
Statistiques - réponses
Réponse % Correct
le
100%
le
100%
soleil
100%
Sur
99%
à
97%
un
97%
quand
96%
réveil
96%
nos
95%
monts
94%
Annonce
91%
brillant
91%
Et
89%
beau
81%
retour
81%
jour
78%
plus
78%
plus
78%
plus
78%
de
77%
d'un
76%
d'un
76%
d'un
76%
Les
76%
Les
76%
Les
76%
la
75%
patrie
73%
prédit
72%
coeur
68%
coeur
68%
pieux
67%
pieux
67%
Au
65%
Au
65%
joyeux
62%
joyeux
62%
monte
62%
ciel
61%
ciel
61%
beautés
59%
accents
57%
accents
57%
attendrie
53%
émus
53%
l'âme
49%
montent
48%
parlent
47%
Aucun quiz correspondant
Distribution des résultats
% des personnes avec chaque résultat
Percentile par nombre de réponses
Votre historique - résultats
Vous n’avez pas pris ce quiz